000 00223nam a22000857a 4500
008 160914b xxu||||| |||| 00| 0 eng d
100 _9429
_aNIIT
245 _aThe NIIT Mind Champion
260 _aNew Delhi
_bNIIT. Publications
_c2010
999 _c3088
_d3088